Report on conversion of long leases (Record no. 108322)

MARC details
000 -LEADER
fixed length control field 01588cam a22002415a 4500
001 - CONTROL NUMBER
control field E143940
008 - FIXED-LENGTH DATA ELEMENTS--GENERAL INFORMATION
fixed length control field 080609s2006 xxk f 000 0 eng d
020 ## - INTERNATIONAL STANDARD BOOK NUMBER
International Standard Book Number 0108881946
035 ## - SYSTEM CONTROL NUMBER
System control number (Sirsi) u143940
041 0# - LANGUAGE CODE
Language code of text/sound track or separate title eng
050 04 - LIBRARY OF CONGRESS CALL NUMBER
Classification number 346.41104346 $2 18
110 2# - MAIN ENTRY--CORPORATE NAME
Corporate name or jurisdiction name as entry element Scottish Law Commission
9 (RLIN) 1410
245 00 - TITLE STATEMENT
Title Report on conversion of long leases
Remainder of title laid before the Scottish Parliament by the Scottish Ministers under section 3(2) of the Law Commissions Act 1965
Medium [electronic resource]
260 ## - PUBLICATION, DISTRIBUTION, ETC.
Place of publication, distribution, etc. Edinburgh
Name of publisher, distributor, etc. The Stationery Office
Date of publication, distribution, etc. 2006
300 ## - PHYSICAL DESCRIPTION
Extent xiii, 269p.
Dimensions 30cm.
505 2# - FORMATTED CONTENTS NOTE
Formatted contents note Introduction -- Qualifying leases -- Conversion -- From leasehold conditions to real burdens -- Minerals and sporting rights -- Compensation -- Notices of exemption -- Miscellaneous topics -- Residential ground leases -- List of recommendations
520 ## - SUMMARY, ETC.
Summary, etc. Recommends that a conversion scheme be set up for leases granted for more than 175 years which have more than 100 years to run ("ultra-long" leases). Under the scheme, such leases would be converted to ownership on a particular day, extinguishing the residual ownership of the landlord. The landlord would be entitled to compensation, calculated as a multiplier of the rent. Although the scheme would be compulsory and automatic, there would be the possibility for the tenant to opt-out.
521 ## - TARGET AUDIENCE NOTE
Target audience note Advanced
651 #4 - SUBJECT ADDED ENTRY--GEOGRAPHIC NAME
Geographic name Scotland
Chronological subdivision 1999-
690 ## - LOCAL SUBJECT ADDED ENTRY--TOPICAL TERM (OCLC, RLIN)
Topical term or geographic name as entry element PROPERTY-LANDLORD AND TENANT-LEASES
856 41 - ELECTRONIC LOCATION AND ACCESS
Uniform Resource Identifier <a href="https://www.scotlawcom.gov.uk/download_file/view/251/">https://www.scotlawcom.gov.uk/download_file/view/251/</a>
Public note View the report free of charge at www.scotlawcom.gov.uk
942 ## - ADDED ENTRY ELEMENTS (KOHA)
Suppress in OPAC 0
Holdings
Withdrawn status Lost status Source of classification or shelving scheme Damaged status Not for loan Home library Current library Shelving location Date acquired Total Checkouts Full call number Barcode Date last seen Copy number Price effective from Koha item type
    Dewey Decimal Classification     Virtual Virtual Online 18/07/2011   F346.41104346 SCO 143940-2001 06/08/2019 1 06/08/2019 Book